[Event "VIE-chT"]
[Site "Bac Giang"]
[Date "2020.06.06"]
[Round "2.19"]
[White "Nguyen, Huu Hoang Anh"]
[Black "Nguyen, Nghia Gia Binh"]
[Result "1-0"]
[WhiteElo "1945"]
[BlackElo "1387"]
[PlyCount "67"]
[EventDate "2020.06.06"]
[EventType "swiss"]
[EventRounds "9"]
[EventCountry "VIE"]
[SourceTitle "CBM 197 Extra"]
[Source "ChessBase"]
[SourceDate "2020.09.30"]
[SourceVersion "1"]
[SourceVersionDate "2020.09.30"]
[SourceQuality "1"]

1. e4 e6 2. d4 d5 3. Nc3 Nf6 4. e5 Nfd7 5. f4 c5 6. Nf3 Be7 7. Be3 0-0 8. Qd2 a6 9. Ne2 Nc6 10. c3 b5 11. Ng3 cxd4 12. Nxd4 Nxd4 13. Bxd4 Bb7 14. Bd3 Bc5 15. 0-0 Bxd4+ 16. cxd4 Qb6 17. Kh1 Kh8 18. Qe3 f5 19. Ne2 Nb8 20. Rf3 Nc6 21. Rg1 Rf7 22. Rh3 Raf8 23. g4 Ne7 24. Qg3 Qc7 25. Qh4 g6 26. gxf5 gxf5 27. Rhg3 Ng8 28. Rg5 Qd8 29. Ng3 Ne7 30. Nh5 Nc6 31. Nf6 Nxd4 32. Rg7 Rxg7 33. Rxg7 Kxg7 34. Qxh7# 1-0

[Event "VIE-chB"]
[Site "Ba Dinh"]
[Date "2018.11.29"]
[Round "3"]
[White "Le, Huu Thai"]
[Black "Nguyen, Huu Hoang Anh"]
[Result "1-0"]
[WhiteElo "2265"]
[BlackElo "1978"]
[PlyCount "77"]
[EventDate "2018.11.28"]
[EventType "swiss"]
[EventRounds "9"]
[EventCountry "VIE"]
[SourceTitle "EXT 2021"]
[Source "ChessBase"]
[SourceDate "2020.10.23"]
[SourceVersion "1"]
[SourceVersionDate "2020.10.23"]
[SourceQuality "1"]

1. d4 g6 2. Bf4 Bg7 3. e3 Nf6 4. Nf3 0-0 5. Be2 d6 6. h3 Nbd7 7. Bh2 Qe8 8. c4 e5 9. Nc3 Qe7 10. 0-0 Re8 11. Nb5 e4 12. Nxc7 exf3 13. Bxf3 Nb6 14. Nxe8 Nxe8 15. b3 Bf5 16. Qd2 Nf6 17. Qb4 Bf8 18. a4 d5 19. Qxe7 Bxe7 20. a5 Nbd7 21. cxd5 Be4 22. Bxe4 Nxe4 23. Rfc1 Ndf6 24. Rc7 Nxd5 25. Rxb7 Bf8 26. a6 Nb4 27. Ra4 Rc8 28. Rc7 Rxc7 29. Bxc7 Nc3 30. Ra1 f5 31. g4 Kf7 32. gxf5 gxf5 33. Kg2 Ke6 34. Kf3 Ncd5 35. Bb8 Nc6 36. Bh2 Ndb4 37. Ke2 Bd6 38. Bxd6 Kxd6 39. Rg1 1-0

[Event "VIE-ch"]
[Site "Ho Chi Minh City"]
[Date "2018.04.27"]
[Round "2"]
[White "Nguyen, Huu Hoang Anh"]
[Black "Vo, Pham Thien Phuc"]
[Result "1-0"]
[WhiteElo "1963"]
[BlackElo "1794"]
[PlyCount "113"]
[EventDate "2018.04.27"]
[EventType "swiss"]
[EventRounds "9"]
[EventCountry "VIE"]
[SourceTitle "CBM 184 Extra"]
[Source "ChessBase"]
[SourceDate "2018.06.28"]
[SourceVersion "1"]
[SourceVersionDate "2018.06.28"]
[SourceQuality "1"]

1. e4 c5 2. Nf3 d6 3. d4 cxd4 4. Qxd4 Nc6 5. Bb5 Bd7 6. Bxc6 Bxc6 7. Nc3 Nf6 8. Bg5 e6 9. 0-0-0 Be7 10. Rhe1 0-0 11. Kb1 Qa5 12. Qd2 Qc7 13. Nd4 Rac8 14. f4 h6 15. h4 Rfd8 16. Qe2 Kf8 17. f5 e5 18. Bxf6 Bxf6 19. Nf3 Qe7 20. Qf2 b5 21. g4 b4 22. Nd5 Bxd5 23. Rxd5 Rc5 24. Red1 Rdc8 25. Rxd6 Rxc2 26. Qxc2 Rxc2 27. Rd8+ Qxd8 28. Rxd8+ Bxd8 29. Kxc2 Ke8 30. Kb3 Be7 31. Kc4 f6 32. Kd5 Kd7 33. Nd2 Bd8 34. Nb3 Bb6 35. Nc5+ Ke7 36. Na6 Bf2 37. h5 b3 38. axb3 Kd7 39. b4 Bd4 40. Nc5+ Kc8 41. b3 Bc3 42. b5 Kc7 43. Ne6+ Kb6 44. Kc4 Bd2 45. Nxg7 Bg5 46. Ne6 Bh4 47. b4 Kb7 48. Kc5 Bf2+ 49. Kd6 Kb6 50. g5 fxg5 51. f6 Be1 52. Kxe5 Bxb4 53. Nd4 Kc7 54. Nc6 Bc3+ 55. Kf5 g4 56. e5 Bb2 57. Kxg4 1-0

[Event "VIE-chT"]
[Site "Ho Chi Minh City"]
[Date "2017.07.28"]
[Round "7.16"]
[White "Nguyen, Huu Hoang Anh"]
[Black "Lu, Chan Hung"]
[Result "1-0"]
[WhiteElo "2025"]
[BlackElo "2259"]
[PlyCount "53"]
[EventDate "2017.07.24"]
[EventType "team-swiss"]
[EventRounds "9"]
[EventCountry "VIE"]
[SourceTitle "EXT 2019"]
[Source "ChessBase"]
[SourceDate "2018.10.10"]
[SourceVersion "1"]
[SourceVersionDate "2018.10.10"]
[SourceQuality "1"]

1. d4 d5 2. c4 c6 3. Nc3 Nf6 4. e3 a6 5. Nf3 b5 6. cxd5 cxd5 7. Bd3 Bb7 8. 0-0 e6 9. b3 Bd6 10. Bb2 0-0 11. Rc1 Nbd7 12. Qe2 Nb6 13. Rfd1 b4 14. Nb1 a5 15. Nbd2 a4 16. Bb1 axb3 17. axb3 Ba6 18. Qe1 Qd7 19. e4 dxe4 20. Nxe4 Nxe4 21. Qxe4 f5 22. Qh4 Nd5 23. Re1 Rae8 24. Ng5 h6 25. Nf3 Qe7 26. Qxe7 Rxe7 27. Rc6 1-0

[Event "VIE-ch"]
[Site "Hanoi"]
[Date "2017.04.20"]
[Round "7"]
[White "Nguyen, Huu Hoang Anh"]
[Black "Lu, Chan Hung"]
[Result "0-1"]
[WhiteElo "2036"]
[BlackElo "2197"]
[PlyCount "80"]
[EventDate "2017.04.16"]
[EventType "swiss"]
[EventRounds "11"]
[EventCountry "VIE"]
[SourceTitle "CBM 178 Extra"]
[Source "ChessBase"]
[SourceDate "2017.06.22"]
[SourceVersion "1"]
[SourceVersionDate "2017.06.22"]
[SourceQuality "1"]

1. d4 d5 2. Nf3 Nf6 3. Bf4 e6 4. h3 Bd6 5. Bxd6 Qxd6 6. c3 Ne4 7. e3 0-0 8. Bd3 f5 9. Nbd2 Nd7 10. 0-0 c5 11. Re1 c4 12. Bf1 b5 13. Qc2 a5 14. b3 Ba6 15. a4 b4 16. bxc4 Nxc3 17. c5 Qc6 18. Bxa6 Rxa6 19. Nb1 Ne4 20. Nfd2 e5 21. f3 Ng3 22. Nb3 exd4 23. exd4 f4 24. N1d2 Nf5 25. Nf1 Nb6 26. Qd2 Nxa4 27. Qxf4 Nc3 28. Rxa5 Rxa5 29. Nxa5 Qb5 30. Qc7 b3 31. Qb6 Nxd4 32. Qxb5 Ncxb5 33. Nd2 b2 34. Rb1 Ra8 35. Nab3 Nxb3 36. Nxb3 Ra2 37. c6 Kf7 38. Re1 Ra3 39. Nd2 Rc3 40. Nb1 Rxc6 0-1

[Event "VIE-ch"]
[Site "Hanoi"]
[Date "2017.04.20"]
[Round "6"]
[White "Tran, Ngoc Lan"]
[Black "Nguyen, Huu Hoang Anh"]
[Result "1-0"]
[WhiteElo "2307"]
[BlackElo "2036"]
[PlyCount "69"]
[EventDate "2017.04.16"]
[EventType "swiss"]
[EventRounds "11"]
[EventCountry "VIE"]
[SourceTitle "CBM 178 Extra"]
[Source "ChessBase"]
[SourceDate "2017.06.22"]
[SourceVersion "1"]
[SourceVersionDate "2017.06.22"]
[SourceQuality "1"]

1. d4 f5 2. Nf3 Nf6 3. g3 g6 4. Bg2 Bg7 5. 0-0 0-0 6. b3 d6 7. Bb2 Qe8 8. Nbd2 Ng4 9. h3 Nh6 10. e4 f4 11. g4 e5 12. dxe5 dxe5 13. Ba3 Be6 14. Bxf8 Bxf8 15. c3 Nf7 16. Qe2 Nc6 17. Rad1 Be7 18. Kh2 Kg7 19. b4 h5 20. gxh5 g5 21. Rg1 Nh6 22. Bf1 g4 23. b5 Na5 24. Nxe5 Bd6 25. Ndc4 Nxc4 26. Nxc4 Bc5 27. hxg4 Kh8 28. Ne5 Nxg4+ 29. Nxg4 Qxh5+ 30. Bh3 f3 31. Qxf3 Rf8 32. Rd8 Bd6+ 33. e5 Bxe5+ 34. Nxe5 Qxe5+ 35. Qg3 1-0

[Event "Hanoi Pooltech op 2nd"]
[Site "Hanoi"]
[Date "2017.03.05"]
[Round "9"]
[White "Nguyen, Huu Hoang Anh"]
[Black "Tran, Dinh Dang Khoa"]
[Result "1-0"]
[WhiteElo "2025"]
[BlackElo "1622"]
[PlyCount "59"]
[EventDate "2017.02.17"]
[EventType "swiss"]
[EventRounds "9"]
[EventCountry "VIE"]
[SourceTitle "CBM 177 Extra"]
[Source "ChessBase"]
[SourceDate "2017.04.27"]
[SourceVersion "1"]
[SourceVersionDate "2017.04.27"]
[SourceQuality "1"]

1. e4 c5 2. Nf3 d6 3. d4 cxd4 4. Nxd4 Nf6 5. Nc3 g6 6. Be3 Bg7 7. f3 Nc6 8. Bc4 Bd7 9. Qd2 a6 10. 0-0-0 Qc7 11. Bb3 0-0 12. h4 h5 13. Nxc6 Bxc6 14. Bh6 b5 15. Qg5 Kh7 16. Bxg7 Kxg7 17. g4 hxg4 18. h5 Rh8 19. hxg6 fxg6 20. Ne2 e5 21. Ng3 Bd7 22. Nf5+ Bxf5 23. exf5 Nh7 24. Qxg6+ Kf8 25. Rxd6 Qe7 26. Rxh7 Qxh7 27. Qf6+ Ke8 28. Qxe5+ Kf8 29. Rf6+ Kg7 30. Qe7# 1-0

[Event "VIE-ch"]
[Site "Bac Giang"]
[Date "2016.06.27"]
[Round "8"]
[White "Nguyen, Huu Hoang Anh"]
[Black "Le, Minh Hoang"]
[Result "1/2-1/2"]
[WhiteElo "2025"]
[BlackElo "2198"]
[PlyCount "42"]
[EventDate "2016.06.22"]
[EventType "swiss"]
[EventRounds "9"]
[EventCountry "VIE"]
[SourceTitle "EXT 2017"]
[Source "ChessBase"]
[SourceDate "2016.10.25"]
[SourceVersion "1"]
[SourceVersionDate "2016.10.25"]
[SourceQuality "1"]

1. e4 c5 2. Nf3 d6 3. d4 cxd4 4. Nxd4 Nf6 5. Nc3 a6 6. g3 Nc6 7. Bg2 e5 8. Nde2 Be7 9. h3 b5 10. 0-0 Bb7 11. Be3 Bc8 12. Nd5 Nxd5 13. exd5 Nb8 14. Qd2 Qc7 15. c3 Nd7 16. g4 0-0 17. Ng3 Nb6 18. b3 g6 19. Rac1 Re8 20. Rfd1 Bf8 21. h4 Nd7 1/2-1/2

[Event "VIE-ch"]
[Site "Bac Giang"]
[Date "2016.06.24"]
[Round "5"]
[White "Le, Huu Thai"]
[Black "Nguyen, Huu Hoang Anh"]
[Result "1/2-1/2"]
[WhiteElo "2160"]
[BlackElo "2025"]
[PlyCount "55"]
[EventDate "2016.06.22"]
[EventType "swiss"]
[EventRounds "9"]
[EventCountry "VIE"]
[SourceTitle "EXT 2017"]
[Source "ChessBase"]
[SourceDate "2016.10.25"]
[SourceVersion "1"]
[SourceVersionDate "2016.10.25"]
[SourceQuality "1"]

1. e4 c5 2. Nc3 Nc6 3. Bb5 g6 4. Bxc6 dxc6 5. d3 Bg7 6. Be3 b6 7. Nge2 e5 8. 0-0 Ne7 9. Qd2 0-0 10. f4 f5 11. Ng3 exf4 12. Bxf4 fxe4 13. Ngxe4 Nd5 14. Bh6 Bf5 15. Bxg7 Kxg7 16. Rae1 Qd7 17. Qg5 h6 18. Qg3 Rae8 19. a3 Re7 20. Nd6 Rxe1 21. Rxe1 Nxc3 22. bxc3 Kh7 23. Re3 Rf6 24. Nxf5 Rxf5 25. Re1 Rf6 26. Re3 Rf5 27. Re1 Rf6 28. Re3 1/2-1/2

[Event "VIE-ch"]
[Site "Bac Giang"]
[Date "2016.06.23"]
[Round "3"]
[White "Tran, Trong Thanh"]
[Black "Nguyen, Huu Hoang Anh"]
[Result "0-1"]
[WhiteElo "1909"]
[BlackElo "2025"]
[PlyCount "60"]
[EventDate "2016.06.22"]
[EventType "swiss"]
[EventRounds "9"]
[EventCountry "VIE"]
[SourceTitle "EXT 2017"]
[Source "ChessBase"]
[SourceDate "2016.10.25"]
[SourceVersion "1"]
[SourceVersionDate "2016.10.25"]
[SourceQuality "1"]

1. e4 c5 2. Nf3 Nc6 3. d4 cxd4 4. Nxd4 Nf6 5. Nc3 e5 6. Ndb5 d6 7. Bg5 a6 8. Na3 b5 9. Nd5 Be7 10. Bxf6 Bxf6 11. c3 Bg5 12. Bd3 0-0 13. Nc2 Kh8 14. h4 Bh6 15. Nce3 Rb8 16. Nf5 Bxf5 17. exf5 Ne7 18. Qf3 Nxd5 19. Qxd5 b4 20. c4 Qf6 21. Be4 g6 22. g4 gxf5 23. Bxf5 e4 24. Rb1 b3 25. axb3 Bf4 26. Bxe4 Rfe8 27. f3 Rxb3 28. Qf5 Qxf5 29. gxf5 Rxf3 30. Ke2 Re3+ 0-1

[Event "VIE-ch"]
[Site "Bac Giang"]
[Date "2016.06.22"]
[Round "1"]
[White "Nguyen, Huynh Quoc Vy"]
[Black "Nguyen, Huu Hoang Anh"]
[Result "0-1"]
[WhiteElo "1906"]
[BlackElo "2025"]
[PlyCount "54"]
[EventDate "2016.06.22"]
[EventType "swiss"]
[EventRounds "9"]
[EventCountry "VIE"]
[SourceTitle "EXT 2017"]
[Source "ChessBase"]
[SourceDate "2016.10.25"]
[SourceVersion "1"]
[SourceVersionDate "2016.10.25"]
[SourceQuality "1"]

1. e4 c5 2. Nf3 d6 3. d4 cxd4 4. Nxd4 Nf6 5. Nc3 a6 6. Bd3 e6 7. Bd2 Be7 8. f3 0-0 9. 0-0 b5 10. Qe1 Bb7 11. f4 Nbd7 12. Rf3 Qc7 13. Rh3 Rfe8 14. Qe2 Bf8 15. Qf2 b4 16. Nce2 Bxe4 17. Bxb4 Bxd3 18. cxd3 Qb6 19. Bc3 e5 20. fxe5 dxe5 21. Nf3 Qxf2+ 22. Kxf2 e4 23. dxe4 Nxe4+ 24. Kg1 Nxc3 25. Nxc3 Nf6 26. Rd1 Bc5+ 27. Kf1 Bb4 0-1

[Event "Ho Chi Minh City HD Bank op-B 6th"]
[Site "Ho Chi Minh City"]
[Date "2016.03.09"]
[Round "3"]
[White "Nguyen, Huu Hoang Anh"]
[Black "Le, Quang An"]
[Result "0-1"]
[WhiteElo "2056"]
[BlackElo "1457"]
[PlyCount "114"]
[EventDate "2016.03.08"]
[EventType "swiss"]
[EventRounds "9"]
[EventCountry "VIE"]
[SourceTitle "CBM 171 Extra"]
[Source "ChessBase"]
[SourceDate "2016.04.26"]
[SourceVersion "1"]
[SourceVersionDate "2016.04.26"]
[SourceQuality "1"]

1. e4 e5 2. Nf3 Nc6 3. Bb5 a6 4. Ba4 Nf6 5. 0-0 Nxe4 6. d4 b5 7. Bb3 d5 8. dxe5 Be6 9. c3 Be7 10. Nbd2 Nc5 11. Bc2 0-0 12. Re1 Bg4 13. Nf1 Qd7 14. Ng3 Rfe8 15. h3 Bxf3 16. Qxf3 Bf8 17. Bf4 g6 18. Rad1 Rad8 19. b4 Ne6 20. Bb3 Nxf4 21. Qxf4 Qe6 22. Qd2 Nxe5 23. Kh1 Qf6 24. Qd4 Bg7 25. Qa7 c6 26. Rf1 Ra8 27. Qb7 Qe7 28. Qb6 Qf6 29. Qc7 Re7 30. Qb6 Ree8 31. Qb7 Qe7 32. Qb6 Qa7 33. Qa5 Rad8 34. f4 Nc4 35. Bxc4 bxc4 36. Rf3 f5 37. a4 Qb7 38. Qc5 Re6 39. Nf1 Bf8 40. Qf2 Rde8 41. g4 fxg4 42. hxg4 Re2 43. Qg3 Bd6 44. Qh3 Qe7 45. f5 Rf8 46. Ng3 Re1+ 47. Rxe1 Qxe1+ 48. Nf1 Qe5 49. Re3 Qg7 50. Re6 Be5 51. Rxc6 gxf5 52. gxf5 Bxc3 53. Qf3 Kh8 54. f6 Bxf6 55. Nh2 Bd4 56. Qd1 Qe5 57. Ng4 Qe4+ 0-1

[Event "Ho Chi Minh City HD Bank op-B 6th"]
[Site "Ho Chi Minh City"]
[Date "2016.03.08"]
[Round "1"]
[White "Nguyen, Duc Sang"]
[Black "Nguyen, Huu Hoang Anh"]
[Result "0-1"]
[WhiteElo "1587"]
[BlackElo "2056"]
[PlyCount "80"]
[EventDate "2016.03.08"]
[EventType "swiss"]
[EventRounds "9"]
[EventCountry "VIE"]
[SourceTitle "CBM 171 Extra"]
[Source "ChessBase"]
[SourceDate "2016.04.26"]
[SourceVersion "1"]
[SourceVersionDate "2016.04.26"]
[SourceQuality "1"]

1. d4 c5 2. d5 g6 3. Nf3 Bg7 4. c4 d6 5. Qc2 Nf6 6. Nc3 Na6 7. a3 Nc7 8. e4 0-0 9. Bd3 Rb8 10. 0-0 Bg4 11. Ne1 a6 12. a4 Bd7 13. Qe2 e6 14. Bf4 e5 15. Bg5 h6 16. Bxf6 Qxf6 17. Nc2 Qg5 18. Kh1 f5 19. f3 f4 20. b3 Qh5 21. Qd1 g5 22. Be2 Ne8 23. h3 Nf6 24. Kh2 Rf7 25. Ne1 Qh4 26. Nd3 Nh5 27. Nf2 Ng3 28. Re1 h5 29. Kg1 Bh6 30. Rb1 Rbf8 31. b4 g4 32. hxg4 hxg4 33. bxc5 Nxe2+ 34. Qxe2 g3 35. Nh3 Bxh3 36. gxh3 g2 37. Qf2 Qxh3 38. Qxg2+ Rg7 39. Qxg7+ Bxg7 40. cxd6 Qg3+ 0-1

[Event "VIE-chT"]
[Site "Ho Chi Minh City"]
[Date "2015.07.22"]
[Round "7.22"]
[White "Chuc, Dinh Tan"]
[Black "Nguyen, Huu Hoang Anh"]
[Result "0-1"]
[WhiteElo "1845"]
[BlackElo "2056"]
[PlyCount "68"]
[EventDate "2015.07.16"]
[EventType "team-swiss"]
[EventRounds "9"]
[EventCountry "VIE"]
[SourceTitle "EXT 2016"]
[Source "ChessBase"]
[SourceDate "2015.10.08"]
[SourceVersion "1"]
[SourceVersionDate "2015.10.08"]
[SourceQuality "1"]

1. d4 g6 2. c4 Bg7 3. Nf3 Nf6 4. Nc3 d6 5. g3 0-0 6. Bg2 Nfd7 7. 0-0 e5 8. d5 a5 9. e4 Nc5 10. Qc2 Nbd7 11. Nh4 Nb6 12. b3 f5 13. Bd2 f4 14. a3 a4 15. bxa4 Nxc4 16. Bc1 Nb6 17. Nf3 Nbxa4 18. Ne2 g5 19. h3 h5 20. Nh2 Qf6 21. g4 hxg4 22. hxg4 b6 23. f3 Ba6 24. Rd1 Kf7 25. Nc3 Nxc3 26. Qxc3 Rh8 27. Bf1 Rxh2 28. Kxh2 Rh8+ 29. Kg1 Qh6 30. Bg2 Qh2+ 31. Kf2 Qg3+ 32. Kg1 Nxe4 33. Qxc7+ Kg6 34. fxe4 f3 0-1